[Event "Montigny le Bretonneux 1hKO 20th"]
[Site "Montigny le Bretonneux"]
[Date "2016.05.07"]
[Round "6.18"]
[White "Carbonero, Jean Marc"]
[Black "Bouyaud Martins, Gabriel"]
[Result "1-0"]
[WhiteElo "1165"]
[BlackElo "1009"]
[PlyCount "49"]
[EventDate "2016.05.05"]
[EventType "swiss"]
[EventRounds "7"]
[EventCountry "FRA"]
[SourceTitle "EXT 2024"]
[Source "ChessBase"]
[SourceDate "2023.10.10"]
[SourceVersion "1"]
[SourceVersionDate "2023.10.10"]
[SourceQuality "1"]

1. e4 e5 2. Nf3 Nc6 3. Bb5 Nf6 4. Bxc6 bxc6 5. Nc3 Bd6 6. 0-0 0-0 7. d4 Qe8 8. d5 cxd5 9. exd5 Ba6 10. Re1 Bc5 11. Rxe5 Qb8 12. Be3 Qb6 13. Na4 Qb5 14. Nxc5 Bc8 15. Nb3 d6 16. Qd3 Qd7 17. Rg5 h6 18. Rg3 Qe8 19. Bxh6 Bd7 20. Bxg7 Nh5 21. Re1 Qb8 22. Rh3 Kxg7 23. Rxh5 Bb5 24. Qh7+ Kf6 25. Rf5# 1-0